| 000 | 00387pab a2200157 454500 | ||
|---|---|---|---|
| 008 | 180718b2009 xxu||||| |||| 00| 0 eng d | ||
| 100 | _aMehrotra, Ajay K. | ||
| 245 | _aThe intellectual foundations of the modern American fiscal state | ||
| 260 | _c2009 | ||
| 300 | _ap.53-62. | ||
| 362 | _aSpring | ||
| 650 | _aPublic finance | ||
| 773 | _aDaedalus | ||
| 908 | _aN | ||
| 909 | _a82356 | ||
| 999 |
_c82356 _d82356 |
||